Commonwealth and colonial law / (Record no. 5390)
[ view plain ]
| 000 -LEADER | |
|---|---|
| fixed length control field | 00954cam a22002777a 4500 |
| 001 - CONTROL NUMBER | |
| control field | 5390 |
| 003 - CONTROL NUMBER IDENTIFIER | |
| rucl marc code | BD-RjUL |
| 005 - DATE AND TIME OF LATEST TRANSACTION | |
| control field | 20211208234047.0 |
| 008 - FIXED-LENGTH DATA ELEMENTS--GENERAL INFORMATION | |
| fixed length control field | 131226s1966 nyu b 001 0 eng |
| 035 ## - SYSTEM CONTROL NUMBER | |
| System control number | (BD-RjUL)5426 |
| 040 ## - CATALOGING SOURCE | |
| Original cataloging agency | DLC |
| Transcribing agency | YSM |
| Modifying agency | YSM |
| -- | SER |
| -- | SLU |
| -- | LVB |
| -- | OCLCG |
| -- | DLC |
| -- | BD-RjUL |
| Language of cataloging | eng |
| 041 ## - LANGUAGE CODE | |
| Language code of text/sound track or separate title | eng |
| 082 ## - DEWEY DECIMAL CLASSIFICATION NUMBER | |
| Classification number | 342.42 |
| Author mark and year | ROC 1966 |
| 100 1# - MAIN ENTRY--PERSONAL NAME | |
| Personal name | Roberts-Wray, Kenneth, |
| 9 (RLIN) | 16934 |
| 245 10 - TITLE STATEMENT | |
| Title | Commonwealth and colonial law / |
| Statement of responsibility, etc. | Sir Kenneth Roberts-Wray. |
| 260 ## - PUBLICATION, DISTRIBUTION, ETC. (IMPRINT) | |
| Place of publication, distribution, etc. | New York : |
| Name of publisher, distributor, etc. | F.A. Praeger, |
| Date of publication, distribution, etc. | c1966. |
| 300 ## - PHYSICAL DESCRIPTION | |
| Pagination | liv, 1008 p. ; |
| Size | 25 cm. |
| 504 ## - BIBLIOGRAPHY, ETC. NOTE | |
| Bibliography, etc | Includes bibliographical references and index. |
| 650 #0 - SUBJECT ADDED ENTRY--TOPICAL TERM | |
| Topical term or geographic name as entry element | Law |
| Geographic subdivision | Commonwealth countries. |
| 9 (RLIN) | 15060 |
| Topical term or geographic name as entry element | Law |
| Geographic subdivision | Great Britain |
| General subdivision | Colonies. |
| 9 (RLIN) | 1999 |
| 651 #0 - SUBJECT ADDED ENTRY--GEOGRAPHIC NAME | |
| Geographic name | Great Britain |
| General subdivision | Colonies. |
| 9 (RLIN) | 16935 |
| 856 ## - ELECTRONIC LOCATION AND ACCESS | |
| Uniform Resource Identifier | <a href="http://www.worldcat.org/title/commonwealth-and-colonial-law/oclc/4196942&referer=brief_results">http://www.worldcat.org/title/commonwealth-and-colonial-law/oclc/4196942&referer=brief_results</a> |
| 942 ## - ADDED ENTRY ELEMENTS (KOHA) | |
| Source of classification or shelving scheme | Dewey Decimal Classification |
| Koha item type | Books |
| Lost status | Source of classification or shelving scheme | Damaged status | Not for loan | Collection code | Permanent Location | Current Location | Shelving location | Date acquired | Source of acquisition | Cost, normal purchase price | Total Checkouts | Full call number | Date last seen | Copy number | Koha item type |
|---|---|---|---|---|---|---|---|---|---|---|---|---|---|---|---|
| Dewey Decimal Classification | Not For Loan | Non-fiction | Central Library, University of Rajshahi | Central Library, University of Rajshahi | 23/02/1969 | Pak. law house | 95.62 | 342.42 ROC 1966 | 26/12/2013 | C-1 | Books |